Návrh opatrení na zlepšenie riadenia projektov v podniku IKEA Components s.r.o.

Salvato in:
Dettagli Bibliografici
Autore principale: Hlavatý, Martin (Autore)
Altri autori: Samáková, Jana (Relatore della tesi)
Natura: Manoscritto Libro
Lingua:slovacco
Pubblicazione: 2024
Soggetti:
Accesso online:http://is.stuba.sk/zp/portal_zp.pl?podrobnosti=185960
Tags: Aggiungi Tag
Nessun Tag, puoi essere il primo ad aggiungerne!!

MARC

LEADER 00000ntm a22000003a 4500
001 stuzp98395
003 SK-STU
005 20240629212034.7
007 ta
008 150427s2015----xo-----f-mn---000-0-slo-d
040 |a STU  |b slo 
041 0 |a slo 
100 1 |a Hlavatý, Martin  |u 064000  |4 aut  |U MTF Materiálovotechnologická fakulta  |T MTF Ústav priemyselného inžinierstva a manažmentu  |X 116618  |U M4000  |Y 84  |7 116618 
242 0 1 |a Proposal of measures to improve the management of projects in the company IKEA Components s.r.o.  |y eng 
245 1 0 |a Návrh opatrení na zlepšenie riadenia projektov v podniku IKEA Components s.r.o. 
260 |c 2024 
650 4 |a Projektové riadenie  |2 slo 
650 4 |a Životný cyklus projektu  |2 slo 
650 4 |a Projekt  |2 slo 
650 4 |a Zúčastnené strany projektu  |2 slo 
650 4 |a Project  |2 eng 
650 4 |a Project Life Cycle  |2 eng 
650 4 |a Project Stakeholders  |2 eng 
650 4 |a Project Management  |2 eng 
700 1 |a Samáková, Jana  |u 064000  |k Z1  |4 ths  |U MTF Materiálovotechnologická fakulta  |T MTF Ústav priemyselného inžinierstva a manažmentu  |X 33101  |U M4000  |Y 84  |7 A000033101 
856 4 |u http://is.stuba.sk/zp/portal_zp.pl?podrobnosti=185960 
996 |c M* BP-9755  |l MMSKP  |s P  |a 0  |w stuzp98395_0001